| 000 | 01026cam a22003011 4500 | ||
|---|---|---|---|
| 001 | 34732 | ||
| 005 | 20230410103521.0 | ||
| 008 | 770423s1992 dr a 000 0 spa | ||
| 035 | _9(DLC) 54044604 | ||
| 035 | _a6985375 | ||
| 010 | _a 54044604 | ||
| 035 | _a(OCoLC)2910163 | ||
| 040 |
_aDLC _cNmU _dOCoLC _dDLC |
||
| 042 | _apremarc | ||
| 050 | 1 | 4 |
_a118 PQ 7409 _bH519p 1992 |
| 100 | 2 |
_aHenríquez Ureña, Pedro, _d1884-1946. |
|
| 245 | 1 | 0 |
_aPedro Henríquez Ureña, antología / _cselección, prólogo y notas de Max Henríquez Ureña. |
| 250 | _a3a ed. | ||
| 260 |
_aCiudad Trujillo : _bLibrería Dominicana, _c1992. |
||
| 300 |
_a167 p. _billus. _c18 cm. |
||
| 490 | 0 |
_aColección Pensamiento dominicano, _v4 |
|
| 600 | 2 | 0 |
_aHenríquez Ureña, Pedro, _d1884-1946. |
| 600 | 2 | 0 |
_aHenríquez Ureña, Pedro, _d1884-1946 _xCriticism and interpretation. |
| 653 | _aHenríquez Ureña, Pedro, 1884-1946. | ||
| 700 | 2 |
_aHenríquez Ureña, Max, _d1885- _eed. |
|
| 942 |
_2lcc _cbk |
||
| 985 | _eOCLC REPLACEMENT cdsdistr | ||
| 999 |
_c20376 _d20376 |
||